[Event "Vladivostok op"]
[Site "Vladivostok"]
[Date "2010.06.03"]
[Round "3"]
[White "Musaev, Rasul"]
[Black "Golubkov, Anton"]
[Result "1/2-1/2"]
[WhiteElo "2143"]
[BlackElo "2302"]
[PlyCount "85"]
[EventDate "2010.06.01"]
[EventType "swiss"]
[EventRounds "9"]
[EventCountry "RUS"]
[SourceTitle "CBM 137 Extra"]
[Source "ChessBase"]
[SourceDate "2010.09.01"]
[SourceVersion "1"]
[SourceVersionDate "2010.09.01"]
[SourceQuality "1"]

1. e4 e6 2. Nc3 d5 3. d3 Bb4 4. Bd2 f5 5. Nh3 Nf6 6. Be2 0-0 7. exd5 exd5 8. 0-0 d4 9. Nb1 Bc5 10. c4 Nc6 11. Nf4 a5 12. Re1 g5 13. Nh5 Nxh5 14. Bxh5 Qf6 15. Na3 Bxa3 16. bxa3 Ne5 17. Bxg5 Qxg5 18. Rxe5 Bd7 19. Bf3 Qf6 20. Qe2 Rae8 21. Re1 c6 22. Bh5 Rxe5 23. Qxe5 Qxe5 24. Rxe5 b6 25. Re7 Rd8 26. Kf1 c5 27. Bf3 b5 28. Bd5+ Kh8 29. f3 a4 30. Kf2 b4 31. axb4 cxb4 32. Ke1 Re8 33. Rxe8+ Bxe8 34. Kd2 Kg7 35. Kc2 Kf6 36. Kb2 Ke5 37. g3 f4 38. Be4 Bg6 39. a3 Bxe4 40. gxf4+ Kxf4 41. fxe4 b3 42. h4 h5 43. Kc1 1/2-1/2

[Event "Vladivostok Cup op"]
[Site "Vladivostok"]
[Date "2009.03.23"]
[Round "3"]
[White "Golubkov, Anton"]
[Black "Petrov, Ivan2222"]
[Result "1-0"]
[WhiteElo "2302"]
[BlackElo "2162"]
[PlyCount "111"]
[EventDate "2009.03.21"]
[EventType "swiss"]
[EventRounds "7"]
[EventCountry "RUS"]
[SourceTitle "EXT 2012"]
[Source "ChessBase"]
[SourceDate "2011.11.24"]
[SourceVersion "1"]
[SourceVersionDate "2011.11.24"]
[SourceQuality "1"]

1. d4 Nf6 2. c4 e6 3. Nf3 b6 4. Nc3 Bb7 5. Bg5 h6 6. Bh4 Be7 7. Qc2 0-0 8. e4 d5 9. e5 Ne4 10. Bxe7 Qxe7 11. Bd3 Nxc3 12. bxc3 c5 13. cxd5 Bxd5 14. Bh7+ Kh8 15. Be4 Qb7 16. Bxd5 Qxd5 17. Rd1 cxd4 18. Rxd4 Qc5 19. 0-0 Nc6 20. Re4 Rac8 21. Rfe1 Ne7 22. c4 Rfd8 23. Qa4 Rc7 24. Rd1 Rxd1+ 25. Qxd1 Ng6 26. h4 Qe7 27. h5 Rd7 28. Rd4 Nf8 29. Rd6 f6 30. Nh4 Rxd6 31. exd6 Qd8 32. Ng6+ Kg8 33. Qd4 Nd7 34. Qe4 Kf7 35. Qb7 a5 36. Ne7 Nc5 37. Qc7 Ke8 38. Qc6+ Kf7 39. Nc8 Nd7 40. Qc7 Ke8 41. Na7 Nc5 42. Qc6+ Kf8 43. Nb5 Nd7 44. Qc7 Ke8 45. f4 f5 46. g3 Qb8 47. Nd4 b5 48. c5 a4 49. c6 Qxc7 50. dxc7 Nb6 51. Nxb5 Nc8 52. Kf2 Ke7 53. Ke3 Kf6 54. Kd4 g6 55. hxg6 Kxg6 56. Ke5 1-0

[Event "Vladivostok-ch op"]
[Site "Vladivostok"]
[Date "2008.12.03"]
[Round "9"]
[White "Golubkov, Anton"]
[Black "Petrov, Ivan2222"]
[Result "1-0"]
[WhiteElo "2271"]
[BlackElo "2185"]
[PlyCount "123"]
[EventDate "2008.11.25"]
[EventType "swiss"]
[EventRounds "9"]
[EventCountry "RUS"]
[SourceTitle "EXT 2022"]
[Source "ChessBase"]
[SourceDate "2021.10.06"]
[SourceVersion "1"]
[SourceVersionDate "2021.10.06"]
[SourceQuality "1"]

1. d4 Nf6 2. g3 g6 3. Bg2 Bg7 4. e4 d6 5. Ne2 0-0 6. 0-0 Nbd7 7. c4 e5 8. Nbc3 exd4 9. Nxd4 a5 10. Be3 Re8 11. Rc1 Nc5 12. f3 Ne6 13. Qd2 Nxd4 14. Bxd4 Be6 15. b3 Nd7 16. Bxg7 Kxg7 17. f4 Nc5 18. f5 Bd7 19. f6+ Kh8 20. Nd5 Re5 21. Qh6 Qg8 22. Nxc7 Rc8 23. Nd5 Qf8 24. Qxf8+ Rxf8 25. Rcd1 Bc6 26. Nc3 Rd8 27. Rd4 Ne6 28. Rd2 Nc7 29. h4 h6 30. g4 g5 31. Rf5 Ne6 32. Rxe5 dxe5 33. Rxd8+ Nxd8 34. Ne2 gxh4 35. Nc1 Bd7 36. Nd3 Nc6 37. Bf3 Kh7 38. Kh2 Kg6 39. Kh3 Kg5 40. Kg2 Kxf6 41. Nf2 Be6 42. Bd1 a4 43. bxa4 Bxc4 44. Bb3 Na5 45. Bxc4 Nxc4 46. Kh3 Kg5 47. Nd3 h5 48. gxh5 Kxh5 49. Nc5 Nd6 50. a5 Kg5 51. a4 Kf4 52. Nxb7 Nc8 53. a6 Na7 54. Nd6 Nc6 55. Kxh4 Ke3 56. Kg5 Kd4 57. Kf6 Kc5 58. Nb5 Kb6 59. a7 Kb7 60. Kxf7 Na5 61. Ke6 Nc4 62. Nd6+ 1-0

[Event "Vladivostok-ch op"]
[Site "Vladivostok"]
[Date "2008.12.02"]
[Round "8"]
[White "Kalenchuk, Sergey"]
[Black "Golubkov, Anton"]
[Result "1/2-1/2"]
[WhiteElo "2257"]
[BlackElo "2271"]
[PlyCount "105"]
[EventDate "2008.11.25"]
[EventType "swiss"]
[EventRounds "9"]
[EventCountry "RUS"]
[SourceTitle "EXT 2022"]
[Source "ChessBase"]
[SourceDate "2021.10.06"]
[SourceVersion "1"]
[SourceVersionDate "2021.10.06"]
[SourceQuality "1"]

1. d4 d5 2. c4 e6 3. Nc3 Bb4 4. e3 Nf6 5. Nf3 0-0 6. a3 Bxc3+ 7. bxc3 c5 8. Bd3 dxc4 9. Bxc4 a6 10. 0-0 b5 11. Be2 Nc6 12. a4 b4 13. dxc5 bxc3 14. Qc2 Qa5 15. Nd4 Qxc5 16. Nxc6 Qxc6 17. Bf3 Nd5 18. Ra3 Bd7 19. Bxd5 exd5 20. Rxc3 Qxa4 21. Qxa4 Bxa4 22. Ba3 Rfc8 23. Rfc1 Rxc3 24. Rxc3 Bd7 25. f4 Rc8 26. Rxc8+ Bxc8 27. Kf2 f6 28. Ke2 Bf5 29. Bb4 Kf7 30. Kf2 Ke6 31. Ke2 h5 32. g3 Be4 33. h4 Kf5 34. Bc3 Bb1 35. Ba5 Ba2 36. Bb4 Ke4 37. Bf8 g6 38. Be7 Kf5 39. Bd8 Bc4+ 40. Kf3 Bb5 41. Ba5 Ba4 42. Bd8 Bb3 43. Kf2 Bd1 44. Ke1 Bg4 45. Kf2 Ke4 46. Ba5 Kd3 47. Bb6 Kc4 48. Ke1 Kd3 49. Kf2 f5 50. Ba5 Bd1 51. Bd8 Bb3 52. Bc7 Bd1 53. Bd8 1/2-1/2

[Event "Vladivostok op"]
[Site "Vladivostok"]
[Date "2008.06.01"]
[Round "2"]
[White "Golubkov, Anton"]
[Black "Li, Albert"]
[Result "1-0"]
[WhiteElo "2288"]
[BlackElo "2011"]
[PlyCount "49"]
[EventDate "2008.05.31"]
[EventType "swiss"]
[EventRounds "9"]
[EventCountry "RUS"]
[SourceTitle "EXT 2009"]
[Source "ChessBase"]
[SourceDate "2008.11.26"]
[SourceVersion "1"]
[SourceVersionDate "2008.11.26"]
[SourceQuality "1"]

1. d4 Nf6 2. c4 e6 3. Nf3 Bb4+ 4. Bd2 Bxd2+ 5. Nbxd2 d5 6. e3 0-0 7. c5 c6 8. Be2 Nbd7 9. 0-0 Qc7 10. b4 e5 11. b5 e4 12. Ne1 Re8 13. Qa4 Nf8 14. bxc6 bxc6 15. Rb1 Ng4 16. g3 h5 17. Ng2 Ng6 18. h4 Bd7 19. Rb3 Re7 20. Rfb1 Bc8 21. Ra3 Rd7 22. Qa5 Kf8 23. Qxc7 Rxc7 24. Rb4 Nf6 25. Nb3 1-0

[Event "Vladivostok op 03"]
[Site "Vladivostok"]
[Date "2008.03.22"]
[Round "2"]
[White "Feigin, Semen"]
[Black "Golubkov, Anton"]
[Result "0-1"]
[WhiteElo "2084"]
[BlackElo "2288"]
[PlyCount "72"]
[EventDate "2008.03.22"]
[EventType "swiss"]
[EventRounds "9"]
[EventCountry "RUS"]
[SourceTitle "EXT 2022"]
[Source "ChessBase"]
[SourceDate "2021.10.06"]
[SourceVersion "1"]
[SourceVersionDate "2021.10.06"]
[SourceQuality "1"]

1. e4 Nf6 2. Nc3 d5 3. exd5 Nxd5 4. Bc4 Nxc3 5. dxc3 Qxd1+ 6. Kxd1 Nc6 7. Bf4 e5 8. Be3 Bf5 9. Bd3 0-0-0 10. Ke2 e4 11. Bc4 Ne5 12. Bb3 f6 13. f3 exf3+ 14. Nxf3 Bg4 15. Kf2 Nxf3 16. gxf3 Bf5 17. Rad1 Rxd1 18. Rxd1 Bd6 19. h4 Re8 20. Re1 a6 21. Bd2 Rxe1 22. Bxe1 Bf4 23. c4 Be5 24. c3 Bf4 25. Bd1 Bb1 26. a4 Bd3 27. c5 Kd7 28. Be2 Bxe2 29. Kxe2 Kc6 30. b4 Kd5 31. Kd3 c6 32. c4+ Ke5 33. b5 h5 34. bxc6 bxc6 35. Kc3 Kf5 36. Kb4 Bc7 0-1

[Event "Primorie-ch HL"]
[Site "Vladivostok"]
[Date "2006.??.??"]
[Round "5"]
[White "Golubkov, Anton"]
[Black "Feigin, Semen"]
[Result "1-0"]
[WhiteElo "2285"]
[BlackElo "2147"]
[PlyCount "61"]
[EventDate "2006.12.02"]
[EventType "swiss"]
[EventRounds "9"]
[EventCountry "RUS"]
[SourceTitle "EXT 2019"]
[Source "ChessBase"]
[SourceDate "2018.10.10"]
[SourceVersion "1"]
[SourceVersionDate "2018.10.10"]
[SourceQuality "1"]

1. d4 d5 2. Nf3 Nf6 3. Bf4 Bf5 4. e3 e6 5. Bd3 Bg6 6. Ne5 Bxd3 7. Qxd3 Nbd7 8. Qb5 Qc8 9. 0-0 c6 10. Qe2 Nxe5 11. Bxe5 Be7 12. c4 0-0 13. Nc3 Qd8 14. a3 Bd6 15. Bxd6 Qxd6 16. c5 Qc7 17. f4 Qd7 18. b4 Rab8 19. Rfb1 Qc7 20. a4 a6 21. b5 axb5 22. axb5 Ra8 23. Qb2 Rfb8 24. h3 Nd7 25. Ra7 Rd8 26. bxc6 Rxa7 27. Nb5 Qxc6 28. Nxa7 Qa6 29. Qxb7 Qxb7 30. Rxb7 Nf6 31. c6 1-0

[Event "Primorie-ch HL"]
[Site "Vladivostok"]
[Date "2006.??.??"]
[Round "6"]
[White "Golubkov, Anton"]
[Black "Kalenchuk, Sergey"]
[Result "1-0"]
[WhiteElo "2285"]
[BlackElo "2247"]
[PlyCount "43"]
[EventDate "2006.12.02"]
[EventType "swiss"]
[EventRounds "9"]
[EventCountry "RUS"]
[SourceTitle "EXT 2019"]
[Source "ChessBase"]
[SourceDate "2018.10.10"]
[SourceVersion "1"]
[SourceVersionDate "2018.10.10"]
[SourceQuality "1"]

1. d4 d5 2. Nf3 Nf6 3. Bf4 Bf5 4. e3 c6 5. Bd3 Bxd3 6. Qxd3 e6 7. c4 Nbd7 8. Nc3 Be7 9. h3 0-0 10. 0-0 dxc4 11. Qxc4 Nb6 12. Qb3 Bd6 13. Ne5 Qe7 14. a4 Nbd5 15. Bg5 h6 16. Nxd5 exd5 17. Bxf6 gxf6 18. Nd3 Kh8 19. Qd1 Qe4 20. Ne1 Rg8 21. Qf3 Rxg2+ 22. Kxg2 1-0